000
00314nam a2200109Ia 4500
008
171211s9999 xx 000 0 und d
245
_a
Learning Big Data with Amazon Elastic MapReduce
245
_c
Amarkant Singh
260
_c
2014
650
_x
SOFTWARE
856
_u
http://down.ebook777.com/062/9781782173434.pdf
999
_c
349333
_d
349333